Pokemon or Element-Sudden Death - Statistics

General Stats
  • This quiz has been taken 88 times
    86 since last reset
  • The average score is 12 of 16
Answers on the Grid
Answers color-coded by a green-red scale on the quiz's grid according to % correct below.
Aggron
Bronzor
Xenon
Magneton
Magnesium
Articuno
Molybdenum
Hafnium
Meganium
Boron
Golurk
Bismuth
Beryllium
Skeledirge
Basculin
Manganese
Heracross
Oganesson
Copperajah
Espathra
Silicon
Cobalion
Astatine
Antimony
Dugtrio
Zirconium
Floragato
Empoleon
Helium
Staravia
 
Answer Stats
Answer % Correct
Aggron
91%
Bronzor
87%
Magneton
87%
Articuno
85%
Dugtrio
77%
Basculin
75%
Golurk
75%
Meganium
75%
Skeledirge
75%
Heracross
74%
Staravia
74%
Espathra
72%
Copperajah
70%
Empoleon
70%
Cobalion
66%
Floragato
66%
No matching quizzes found
Score Distribution
Percent of People with Each Score
Percentile by Number Answered
Your Score History
You have not taken this quiz since the last reset